Entrepreneurship of Cities through Business Companies in the Slovak Republic

Identifikácia a analýza obchodných spoločností, v ktorých miestne samosprávy podnikajú z hľadiska rôznych perspektív. Autori sa zamerali na obce so statusom mesta. Rozbor sa týkal takých premenných ako: priestorové usporiadanie, právna forma, rok založenia, počet zamestnancov a pod. Výsledky potvrdz...

ver descrição completa

Na minha lista:
Detalhes bibliográficos
Autor principal: Valach, Maroš
Outros Autores: Ágh, Peter
Formato: Capítulo de Livro
Idioma:inglês
Assuntos:
Tags: Adicionar Tag
Sem tags, seja o primeiro a adicionar uma tag!

MARC

LEADER 00000naa a2200000 4500
001 0263124
005 20221104110224.9
041 0 |a eng 
044 |a SK 
245 1 0 |a Entrepreneurship of Cities through Business Companies in the Slovak Republic  |c Maroš Valach, Peter Ágh 
520 |a Identifikácia a analýza obchodných spoločností, v ktorých miestne samosprávy podnikajú z hľadiska rôznych perspektív. Autori sa zamerali na obce so statusom mesta. Rozbor sa týkal takých premenných ako: priestorové usporiadanie, právna forma, rok založenia, počet zamestnancov a pod. Výsledky potvrdzujú nárast aktív v dôsledku podnikania samosprávy. 
610 2 0 |a podnikanie 
610 2 0 |a mestá 
610 2 0 |a spoločnosti obchodné 
610 2 0 |a samospráva miestna 
610 2 0 |a aktíva 
610 2 0 |a Slovensko 
100 1 |a Valach, Maroš 
700 1 |a Ágh, Peter